Statistics for Wildest Dream - Taylor Swift Lyrics

Click here to take the quiz!

General Stats

  • This quiz has been taken 2,007 times
  • The average score is 238 of 277

Answer Stats

Answer% Correct
i
99%
a
99%
m
98%
the
97%
in
96%
you
96%
me
96%
wildest
95%
say
94%
it
94%
and
94%
dreams
94%
he
93%
to
92%
dress
92%
your
92%
do
92%
remember
91%
you'll
91%
youll
91%
get
90%
standing
90%
of
90%
this
90%
so
90%
at
90%
we
90%
red
90%
lips
90%
my
90%
se
90%
sunset
90%
is
89%
no
89%
sai
89%
out
89%
hands
89%
let's
88%
staring
88%
nice
88%
cheeks
88%
see
88%
rosy
87%
town
87%
can
87%
but
87%
as
87%
just
86%
last
86%
from
86%
it's
86%
if
86%
even
86%
babe
86%
does
86%
well
86%
hell
86%
bad
85%
away
85%
now
85%
hes
85%
he's
85%
tall
85%
city
85%
handsome
85%
one
84%
forever
83%
nothing
83%
said
83%
down
83%
are
82%
his
82%
drive
81%
what
80%
lasts
80%
hair
80%
know
80%
room
79%
again
79%
can't
79%
end
79%
request
78%
clothes
78%
heaven
78%
help
78%
take
78%
good
78%
when
77%
night
76%
begins
76%
has
76%
getting
75%
voice
75%
gonna
75%
all
75%
sound
75%
kiss
74%
familiar
73%
condition
73%
very
72%
da
72%
our
72%
with
71%
crowds
69%
up
69%
memories
68%
thought
68%
some
68%
around
68%
thes
67%
had
67%
burnin
67%
tangled
65%
these
64%
follow
64%
day
64%
hindsight
64%
pretend
64%
bet
63%
leave
63%
baby
62%
weve
58%

Score Distribution

Percentile by Number Answered

Percent of People with Each Score

Your Score History

You have not taken this quiz